[Event "Escacs 275"]
[Site "http://www.queenalice.com/game.php?id=1872578"]
[Date "2026.5.2"]
[Round "-"]
[White "newgame"]
[Black "alterego"]
[Result "1-0"]
[WhiteElo "1580"]
[BlackElo "1721"]

1. e4 g6 2. d4 Bg7 3. Nf3 Nf6 4. Nc3 a6 5. Bc4 O-O 6. Bf4 b5 7. Bd3 Nc6 8. d5
Nb4 9. h3 Nxd3+ 10. Qxd3 d6 11. O-O Nh5 12. Be3 e6 13. Qd2 Bb7 14. g4 Nf6 15.
Bh6 Nxe4 16. Nxe4 Bxd5 17. Bxg7 Kxg7 18. Qf4 e5 19. Qe3 f5 20. Neg5 f4 21. Qd3
Bc4 22. Qd1 Bxf1 23. Ne6+ Kh6 24. Nxd8 Raxd8 25. Qxf1 1-0

[Event "Escacs 276"]
[Site "http://www.queenalice.com/game.php?id=1872749"]
[Date "2026.5.1"]
[Round "-"]
[White "alterego"]
[Black "EduardoRo"]
[Result "0-1"]
[WhiteElo "1688"]
[BlackElo "1583"]

1. d4 d5 2. c4 e6 3. c5 Nf6 4. g3 b6 5. Bg2 Ba6 6. Nf3 Be7 7. O-O O-O 8. cxb6
axb6 9. Bd2 Nc6 10. a3 Ng4 11. b4 Bf6 12. Bc3 Bc4 13. Nbd2 b5 14. Nxc4 bxc4 15.
Bh3 Nh6 16. Ra2 Nf5 17. Bg2 Bg5 18. Nxg5 Qxg5 19. e4 Nfe7 20. exd5 exd5 21. Re2
Rxa3 22. Bd2 Qg4 23. f3 Qg6 24. b5 Na7 25. Rxe7 Nxb5 26. Bb4 Rb3 27. Bc5 Nc3 28.
Qa1 Rb1 29. Rxb1 Nxb1 30. Rxc7 Re8 31. Qa4 Qe6 32. Rc6 Qe1+ 33. Bf1 Nd2 34. Re6
Qxf1# 0-1

[Event "Escacs 277"]
[Site "http://www.queenalice.com/game.php?id=1872750"]
[Date "2026.5.1"]
[Round "-"]
[White "EduardoRo"]
[Black "alterego"]
[Result "1-0"]
[WhiteElo "1603"]
[BlackElo "1668"]

1. e4 g6 2. Nf3 Bg7 3. Bc4 a6 4. d4 b5 5. Bb3 e6 6. O-O Ne7 7. e5 Bb7 8. Nc3 O-O
9. Bg5 f6 10. exf6 Bxf6 11. Bxf6 Rxf6 12. Ng5 Nbc6 13. Nce4 Rf5 14. Qd3 Nb4 15.
Qh3 h5 16. g4 Rxg5 17. Nxg5 Kg7 18. gxh5 Qh8 19. h6+ Qxh6 20. Qxh6+ Kxh6 21.
Nf7+ Kg7 22. Ne5 Nf5 23. Nxd7 Nxd4 24. Nc5 Bc6 25. Nxe6+ Nxe6 26. Bxe6 Nxc2 27.
Rac1 Be4 28. f3 Bd3 29. Rf2 Ne3 30. Rxc7+ Kh6 31. Rc3 Bf5 32. Rxe3 Re8 33. Rfe2
Bh3 34. Bxh3 Rc8 35. Bxc8 1-0

[Event "Escacs 278"]
[Site "http://www.queenalice.com/game.php?id=1872923"]
[Date "2026.5.4"]
[Round "-"]
[White "alterego"]
[Black "Capixabba789"]
[Result "0-1"]
[WhiteElo "1697"]
[BlackElo "1877"]

1. d4 d5 2. c4 dxc4 3. Nc3 e6 4. g3 Nf6 5. Bg2 c6 6. Bg5 Be7 7. Nf3 b5 8. O-O
O-O 9. a3 a6 10. b4 Nbd7 11. Ne4 Nb6 12. Ne5 Bb7 13. Nxf6+ Bxf6 14. Nxc6 Bxc6
15. Bxf6 Qxf6 16. Bxc6 Rab8 17. e4 Rfd8 18. e5 Qg5 19. f4 Qe7 20. Be4 Nd5 21.
Qe2 Nc3 22. Bxh7+ Kxh7 23. Qc2+ g6 24. Qxc3 Qb7 25. h4 Qe4 26. Rae1 Qxd4+ 27.
Re3 Qxc3 28. Rxc3 Rd5 29. Kh2 Rbd8 30. Kh3 Rd3 31. Rxd3 Rxd3 32. Kg4 Rxa3 33.
Rd1 Rb3 34. Rd7 Kg7 35. h5 gxh5+ 36. Kh4 Rxb4 37. Kxh5 c3 38. Rc7 Rc4 0-1

[Event "Escacs 279"]
[Site "http://www.queenalice.com/game.php?id=1872924"]
[Date "2026.5.4"]
[Round "-"]
[White "Capixabba789"]
[Black "alterego"]
[Result "0-1"]
[WhiteElo "1902"]
[BlackElo "1672"]

1. e4 g6 2. d4 Bg7 3. c4 e6 4. Nc3 a6 5. f4 Nc6 6. Nf3 Nge7 7. Be2 O-O 8. O-O
Nb4 9. Be3 b5 10. e5 Bb7 11. Kh1 Nf5 12. c5 Nxe3 13. Qb3 Nbc2 14. Bd3 Nxa1 15.
Rxa1 Ng4 16. Rf1 Ne3 17. Rb1 Ng4 18. Ne4 f5 19. Neg5 Nf2+ 20. Kg1 Bd5 21. Qc2
Nxd3 22. Qxd3 Bc4 23. Qe3 Bxa2 24. Rc1 c6 25. Qf2 Bd5 26. b4 a5 27. bxa5 Qxa5
28. h4 Qa3 29. Kh2 Qxc1 0-1

[Event "Let's Play Chess!"]
[Site "http://www.queenalice.com/game.php?id=1873004"]
[Date "2026.5.9"]
[Round "-"]
[White "alterego"]
[Black "Capixabba789"]
[Result "1/2-1/2"]
[WhiteElo "1662"]
[BlackElo "1866"]

1. d4 e5 2. dxe5 d6 3. exd6 Bxd6 4. g3 Nc6 5. Bg2 Nf6 6. Nf3 Bf5 7. Nbd2 O-O 8.
c4 Re8 9. O-O Ne4 10. Nxe4 Rxe4 11. Ng5 Rxc4 12. Bd5 Rc5 13. Bxf7+ Kh8 14. Bh5
Qd7 15. Nf7+ Kg8 16. Qb3 Be6 17. Qxb7 Rf8 18. Nxd6 Qxd6 19. Bf4 Qd7 20. Rad1 Qc8
21. Qxc8 Rxc8 22. Be3 Rd5 23. Rc1 Rxh5 24. Rxc6 Bxa2 25. Ra6 Bc4 26. Rxa7 Bxe2
27. Re1 Bf3 28. h4 Rb5 29. Bd4 Rd5 30. Bc3 Rd7 31. Re3 Rd1+ 32. Be1 c5 33. Rxf3
Rxe1+ 34. Kg2 Rf8 35. Rc3 Re5 36. Rc4 Re2 37. Rxc5 Rfxf2+ 38. Kh3 Rxb2 39. Rc8+
Rf8 1/2-1/2

[Event "Let's Play Chess!"]
[Site "http://www.queenalice.com/game.php?id=1873005"]
[Date "2026.5.9"]
[Round "-"]
[White "alterego"]
[Black "okiwiz"]
[Result "1-0"]
[WhiteElo "1695"]
[BlackElo "1870"]

1. d4 c5 2. g3 cxd4 3. Qxd4 Nc6 4. Qd1 Nf6 5. Bg2 Qb6 6. e3 d5 7. Ne2 Bf5 8. b3
e6 9. Nbc3 Bb4 10. O-O O-O 11. Na4 Qa5 12. c3 Bd6 13. b4 Qc7 14. Nb2 Rac8 15. f4
Ne4 16. Nd3 Qe7 17. Nd4 Nxd4 18. exd4 Nxc3 19. Qf3 Nb5 20. a3 Nxd4 21. Qd1 Qc7
22. Be3 Nc6 23. Rc1 Qd7 24. Nc5 Bxc5 25. Bxc5 Rfd8 26. Rf2 Rc7 27. Bd4 Rdc8 28.
Bb2 h6 29. Qf3 Ne7 30. Bc3 d4 31. Rd2 Qd6 32. g4 Bh7 33. Bf1 Ng6 34. Rd3 Nxf4
35. Rxd4 Qb6 36. Qxf4 Rxc3 37. Rxc3 Rd8 38. Rc5 Re8 39. Rd6 Qxd6 40. Qxd6 Rf8
41. Rc7 Bg6 42. Rxb7 a6 43. Bd3 Bxd3 44. Qxd3 Kh8 45. Qd6 Kg8 46. Qxa6 g6 47. h4
Rd8 48. Qb6 Rd1+ 49. Kg2 Rd2+ 50. Kf3 Rd3+ 51. Qe3 Rd8 52. Qxh6 Rd3+ 53. Ke4 Rd8
54. Ke5 Rd5+ 55. Kf6 Rf5+ 56. gxf5 exf5 57. Qg7# 1-0

[Event "Escacs 280"]
[Site "http://www.queenalice.com/game.php?id=1873235"]
[Date "2026.5.12"]
[Round "-"]
[White "alterego"]
[Black "Capixabba789"]
[Result "1/2-1/2"]
[WhiteElo "1700"]
[BlackElo "1851"]

1. d4 d5 2. c4 e6 3. c5 Nf6 4. g3 Be7 5. Bg2 c6 6. Nf3 Nbd7 7. b4 Nf8 8. O-O Ng6
9. a4 b5 10. a5 a6 11. Nc3 Bb7 12. Ng5 O-O 13. Nh3 e5 14. dxe5 Nxe5 15. Bf4 Nc4
16. Qd4 Re8 17. Rad1 Bf8 18. Bg5 Ne5 19. Qh4 Ng6 20. Qd4 Be7 21. Rd3 Ne4 22.
Bxe7 Qxe7 23. Nxe4 dxe4 24. Re3 Bc8 25. Bxe4 Bxh3 26. Rd1 Qf6 27. Qxf6 gxf6 28.
f3 Rac8 29. Rd6 Ne5 30. Rxf6 Re6 31. Rxe6 Bxe6 32. Bc2 Ng6 33. Kg2 Rd8 34. Re4
Bd5 35. Rg4 Kh8 36. e4 Bc4 37. Rg5 Rd2+ 38. Kh3 Rxc2 39. Rf5 Rb2 40. Rf6 Rxb4
41. Rxc6 Ra4 42. Rxa6 b4 43. Ra7 b3 44. c6 Be6+ 45. g4 Rb4 46. Rb7 Ra4 47. c7
Rxa5 48. Rb6 Rc5 49. Rb7 Kg7 50. Kg3 Ne7 51. h4 b2 52. Rxb2 Rxc7 53. h5 h6 54.
f4 Rc3+ 55. Kh4 Nc6 56. Rb5 Nd4 1/2-1/2

[Event "Escacs 281"]
[Site "http://www.queenalice.com/game.php?id=1873236"]
[Date "2026.5.12"]
[Round "-"]
[White "Capixabba789"]
[Black "alterego"]
[Result "0-1"]
[WhiteElo "1848"]
[BlackElo "1670"]

1. e4 g6 2. d4 Bg7 3. c4 e6 4. Nc3 Ne7 5. f4 O-O 6. Nf3 a6 7. Be2 b5 8. Be3 c6
9. c5 d5 10. O-O dxe4 11. Nxe4 Nd5 12. Bd2 Nd7 13. Nd6 N7f6 14. a3 Ng4 15. Qc1
f5 16. b4 Ndf6 17. Ne5 Nxe5 18. fxe5 Nd5 19. Bh6 Bxh6 20. Qxh6 Ra7 21. Bf3 Ne7
22. h4 Kh8 23. h5 Ng8 24. hxg6 Nxh6 0-1

[Event "Escacs 282"]
[Site "http://www.queenalice.com/game.php?id=1873253"]
[Date "2026.5.11"]
[Round "-"]
[White "alterego"]
[Black "EduardoRo"]
[Result "0-1"]
[WhiteElo "1699"]
[BlackElo "1688"]

1. d4 d5 2. c4 Nf6 3. c5 c6 4. g3 Bg4 5. Bg2 Nbd7 6. Nf3 Bxf3 7. Bxf3 e5 8. Bg5
Be7 9. Be3 e4 10. Bg2 O-O 11. b4 b5 12. a3 a5 13. Nc3 a4 14. O-O Ng4 15. Bf4 f5
16. f3 exf3 17. exf3 Ngf6 18. Qc2 Nh5 19. Be3 Qe8 20. Bh3 Qg6 21. Ne2 Bh4 22.
Bxf5 Rxf5 23. Nf4 Nxf4 24. g4 Ne6 25. h3 Re5 26. Qxg6 hxg6 27. dxe5 Nxe5 28. f4
Nd3 29. Ra2 Re8 30. f5 Nef4 31. Bxf4 Nxf4 32. Rxf4 g5 33. Rf3 Re1+ 34. Rf1 Re3
35. Kh2 Bg3+ 36. Kg2 Be5 37. f6 Bxf6 38. Kf2 Rxh3 39. Re2 Rxa3 40. Re6 Rb3 41.
Rxc6 Rxb4 42. Rc8+ Kf7 43. Rc7+ Kg6 44. Rd1 d4 45. Rd7 Rc4 46. Rd5 a3 47. Ra1 b4
48. c6 d3 49. Rxd3 Bxa1 50. Rd6+ Kh7 51. c7 Rxc7 52. Rb6 Bc3 0-1

[Event "Escacs 283"]
[Site "http://www.queenalice.com/game.php?id=1873254"]
[Date "2026.5.11"]
[Round "-"]
[White "EduardoRo"]
[Black "alterego"]
[Result "0-1"]
[WhiteElo "1690"]
[BlackElo "1706"]

1. e4 g6 2. d4 Bg7 3. Nf3 a6 4. Bc4 e6 5. O-O b5 6. Bd3 Ne7 7. e5 Nbc6 8. Bg5
O-O 9. Nc3 f6 10. exf6 Bxf6 11. Bh6 Rf7 12. Ne4 Bg7 13. Bxg7 Kxg7 14. Neg5 Rf6
15. b3 Nb4 16. c3 Nxd3 17. Qxd3 Ng8 18. d5 exd5 19. Ne5 d6 20. Nc6 Qd7 21. Nd4
Qg4 22. Ngf3 Nh6 23. Rae1 Nf5 24. Nxf5+ Bxf5 25. Qxd5 Raf8 26. Re7+ Kh8 27. Rxc7
Be4 28. Qd2 Bxf3 0-1

[Event "Escacs 285"]
[Site "http://www.queenalice.com/game.php?id=1873401"]
[Date "2026.5.15"]
[Round "-"]
[White "Capixabba789"]
[Black "alterego"]
[Result "1/2-1/2"]
[WhiteElo "1858"]
[BlackElo "1693"]

1. e4 g6 2. d4 Bg7 3. f4 e6 4. Nf3 a6 5. Bd3 b5 6. c3 Ne7 7. O-O Bb7 8. Be3 Nbc6
9. Nbd2 O-O 10. Re1 d5 11. e5 Nf5 12. Qe2 Nxe3 13. Qxe3 Ne7 14. Ng5 Nf5 15. Qh3
h5 16. Ndf3 Nh6 17. Nxe6 fxe6 18. Qxe6+ Kh8 19. Qxg6 Rf5 20. Bxf5 Nxf5 21. Qxf5
Bc8 22. Qxh5+ 1/2-1/2

[Event "Escacs 287"]
[Site "http://www.queenalice.com/game.php?id=1873802"]
[Date "2026.5.22"]
[Round "-"]
[White "alterego"]
[Black "Capixabba789"]
[Result "0-1"]
[WhiteElo "1725"]
[BlackElo "1791"]

1. d4 d5 2. c4 e6 3. c5 c6 4. g3 Nf6 5. Bg2 Be7 6. Nf3 b5 7. b4 Nbd7 8. O-O O-O
9. a3 Re8 10. Nbd2 Nf8 11. Ne5 Bb7 12. Nb3 Ng6 13. Nxg6 hxg6 14. Na5 Rb8 15. Bf4
Qc8 16. Bxb8 Qxb8 17. Nxb7 Qxb7 18. Qd3 a6 19. f4 Nh5 20. f5 gxf5 21. Qf3 Nf6
22. Qf4 Ne4 23. Rf3 Bg5 24. Qxg5 f6 25. Qh5 Qe7 26. Raf1 Nd2 27. Rf4 Nxf1 28.
Bxf1 Qf7 29. Qh3 Kf8 30. Bg2 Ke7 31. e4 g5 32. Rf2 fxe4 33. Bf1 Rg8 34. Be2 f5
35. g4 f4 36. Qg2 Qf6 37. h4 f3 38. Qg3 gxh4 39. Qc7+ Kf8 40. Qd6+ Kf7 41. Kh2
Rxg4 42. Kh3 Qxd4 43. Kxg4 Qxf2 44. Qf4+ Ke7 45. Bd1 Qg2+ 46. Kh5 h3 0-1

[Event "Escacs 288"]
[Site "http://www.queenalice.com/game.php?id=1873803"]
[Date "2026.5.22"]
[Round "-"]
[White "Capixabba789"]
[Black "alterego"]
[Result "0-1"]
[WhiteElo "1791"]
[BlackElo "1694"]

1. d4 g6 2. e4 Bg7 3. c4 a6 4. Nc3 e6 5. f4 Ne7 6. Nf3 b5 7. c5 Nbc6 8. Bd3 Bb7
9. e5 O-O 10. O-O Nb4 11. Be4 Bxe4 12. Nxe4 d5 13. Neg5 Nf5 14. a3 Nc6 15. b3
Qe7 16. Bb2 Ne3 17. Qe2 Nxf1 18. Rxf1 f6 19. exf6 Rxf6 20. Ne5 Nxe5 21. fxe5
Rxf1+ 22. Qxf1 Qxg5 23. b4 Qe3+ 24. Kh1 Rf8 25. Qd1 Bh6 26. h3 Qf2 27. Qc1 Bxc1
0-1

[Event "Escacs 286"]
[Site "http://www.queenalice.com/game.php?id=1873944"]
[Date "2026.5.27"]
[Round "-"]
[White "alterego"]
[Black "Capixabba789"]
[Result "0-1"]
[WhiteElo "1712"]
[BlackElo "1831"]

1. d4 d5 2. g3 Bf5 3. Bg2 e6 4. Nf3 Nf6 5. Bg5 Be7 6. O-O Nc6 7. a3 O-O 8. b4 b5
9. Nbd2 Ne4 10. Bxe7 Qxe7 11. Nxe4 Bg6 12. Neg5 a6 13. Nh4 Qxg5 14. Nxg6 Qxg6
15. c3 Ne7 16. f4 f5 17. e4 fxe4 18. Rf2 Nf5 19. Qe2 c6 20. c4 Nxd4 21. Qe3 Nf5
22. Qc5 Qf6 23. Qxc6 Qxa1+ 24. Bf1 Qxa3 25. Qxe6+ Kh8 26. Qxd5 e3 27. Rf3 Qxb4
28. Bd3 Rad8 29. Qe4 bxc4 30. Bxc4 Rd1+ 31. Kg2 Qd2+ 32. Kh3 Rg1 33. Bf1 a5 34.
Kg4 Qxh2 35. Bh3 e2 0-1

[Event "Escacs 289"]
[Site "http://www.queenalice.com/game.php?id=1873945"]
[Date "2026.5.27"]
[Round "-"]
[White "Capixabba789"]
[Black "alterego"]
[Result "1-0"]
[WhiteElo "1879"]
[BlackElo "1701"]

1. d4 g6 2. e4 Bg7 3. c4 e6 4. Nc3 a6 5. f4 b5 6. Nf3 Ne7 7. c5 Nbc6 8. Bd3 O-O
9. O-O Nb4 10. Be3 Nxd3 11. Qxd3 d5 12. e5 Nf5 13. b4 Nxe3 14. Qxe3 f6 15. a3 c6
16. a4 fxe5 17. fxe5 Ra7 18. a5 Raf7 19. Ne2 Rf5 20. Ng3 Rf4 21. Nd2 Bh6 22.
Rxf4 Rxf4 23. Qd3 Qh4 24. Nf3 Qg4 25. Rf1 Kg7 26. Qe2 Rf7 27. Qd3 Bf4 28. Ne1
Bxg3 29. Rxf7+ Kxf7 30. hxg3 Kg7 31. Kh2 Qh5+ 32. Kg1 Bd7 33. Qf3 Qg5 34. Nd3
Be8 35. Nf4 Qf5 36. g4 Qb1+ 37. Kh2 g5 38. Nxe6+ Kg6 39. Qf8 Bd7 40. Qg7# 1-0

[Event "Escacs 293"]
[Site "http://www.queenalice.com/game.php?id=1874134"]
[Date "2026.5.30"]
[Round "-"]
[White "alterego"]
[Black "Capixabba789"]
[Result "1-0"]
[WhiteElo "1692"]
[BlackElo "1852"]

1. d4 d5 2. g3 e6 3. Bg2 Nf6 4. Nf3 Be7 5. a4 c6 6. Bd2 Nbd7 7. b4 Nb6 8. Na3
Nxa4 9. c4 dxc4 10. Qxa4 b5 11. Nxb5 cxb5 12. Qxb5+ Bd7 13. Qxc4 O-O 14. O-O Nd5
15. Ne5 Rc8 16. Qd3 Nxb4 17. Bxb4 Bxb4 18. Nxd7 Qxd7 19. e4 a5 20. Bh3 Qc7 21.
d5 Rfd8 22. Rac1 Qd6 23. Qf3 Rxc1 24. Rxc1 h6 25. Rc6 Qe5 26. dxe6 fxe6 27. Rxe6
Qa1+ 28. Kg2 a4 29. Rg6 Rd1 30. Be6+ Kh7 31. Bf5 Rg1+ 32. Kh3 Qf1+ 33. Kh4 Rh1
34. Rb6+ Kg8 35. Rb8+ Bf8 36. Bh3 Rxh2 37. Qxf8+ Kh7 38. Qf5+ g6 39. Qf7# 1-0

[Event "Escacs 294"]
[Site "http://www.queenalice.com/game.php?id=1874135"]
[Date "2026.5.30"]
[Round "-"]
[White "Capixabba789"]
[Black "alterego"]
[Result "1-0"]
[WhiteElo "1853"]
[BlackElo "1714"]

1. d4 g6 2. e4 Bg7 3. c4 e6 4. Nc3 a6 5. f4 Ne7 6. Nf3 b5 7. c5 Nec6 8. e5 O-O
9. Bd3 Nb4 10. O-O Nxd3 11. Qxd3 Nc6 12. Be3 Bb7 13. a3 d6 14. cxd6 cxd6 15.
exd6 Qxd6 16. Ne4 Qe7 17. Nc5 Nxd4 18. Nxb7 Nxf3+ 19. Rxf3 Bxb2 20. Rb1 Bxa3 21.
Na5 Rad8 22. Qb3 Bd6 23. Nc6 Qh4 24. Nxd8 Rxd8 25. Rh3 Qf6 26. Rf3 Qh4 27. Rh3
Qf6 28. Rf3 Rc8 29. Bc1 Bc5+ 30. Kh1 Bd4 31. Ba3 Qh4 32. Bd6 Kg7 33. Rh3 Rc3 34.
Rxh4 Rxb3 35. Rxb3 Bf6 36. Rhh3 Bd8 37. Be5+ f6 38. Ba1 Bc7 39. Rhf3 h5 40. g3
g5 41. fxg5 Kg6 42. Rxf6+ Kxg5 43. Rxe6 Kg4 44. Rxa6 1-0